000 00430nam a2200205Ia 4500
003 IT-RoPAU
008 120407s9999 xx 000 0 und d
040 _aIT-RoPAU
040 _cIT-RoPAU
041 _aita
100 _aGustave Thils
245 _a"Trascendenza o incarnazione? teologia "
260 _aAres
260 _c1957
300 _a129 p.
300 _c19 cm
490 _v1
942 _cBK
999 _c25110
_d25110